New standards in retrofit (Record no. 121188)
[ view plain ]
| 000 -LEADER | |
|---|---|
| fixed length control field | 01025nas a22002297a 4500 |
| 001 - CONTROL NUMBER | |
| control field | K121188 |
| 007 - PHYSICAL DESCRIPTION FIXED FIELD--GENERAL INFORMATION | |
| fixed length control field | ta |
| 008 - FIXED-LENGTH DATA ELEMENTS--GENERAL INFORMATION | |
| fixed length control field | 200129b2020 ||||| |||| 00| 0 eng d |
| 041 ## - LANGUAGE CODE | |
| Language code of text/sound track or separate title | eng |
| 100 ## - MAIN ENTRY--PERSONAL NAME | |
| Personal author | Edwards, John |
| 245 ## - TITLE STATEMENT | |
| Title | New standards in retrofit |
| 490 ## - SERIES TITLE | |
| Series statement | Property Journal |
| Volume | January-February 2020, 20-21(2) |
| 520 ## - ABSTRACT | |
| Abstract | Reviews British Standards Institution's PAS 2035 : 2019 Retrofitting dwelling for improved energy efficiency specification and guidance which outlines guidance for retrofitting homes of all ages and types for energy efficiency purposes. Lists PAS 2035 retrofit roles including Adviser, Assessor, Co-ordinator, Designer, Evaluator and Installer |
| 650 ## - KEYWORDS | |
| Keywords | PAS 2035:2019 |
| 650 ## - KEYWORDS | |
| Keywords | Retrofitting |
| 650 ## - KEYWORDS | |
| Keywords | Energy efficiency |
| 650 ## - KEYWORDS | |
| Keywords | Residential property |
| 650 ## - KEYWORDS | |
| Keywords | Repairs and maintenance |
| 651 ## - SUBJECT ADDED ENTRY--GEOGRAPHIC NAME | |
| Geographic name | United Kingdom 1973 |
| 690 ## - LOCAL SUBJECT ADDED ENTRY--TOPICAL TERM (OCLC, RLIN) | |
| 9 (RLIN) | 6237 |
| Topical term or geographic name as entry element | Energy |
| 856 ## - ONLINE RESOURCE | |
| Uniform Resource Identifier | https://issuu.com/ricsmodus/docs/property_journal_january-february_2020/12 |
| Link text | Available free online via Issuu |
| Withdrawn status | Lost status | Damaged status | Not for loan | Home library | Current library | Shelving location | Date acquired | Total Checkouts | Date last seen | Price effective from | Koha item type |
|---|---|---|---|---|---|---|---|---|---|---|---|
| Virtual | Virtual | Online | 10/02/2020 | 10/02/2020 | 10/02/2020 | Online material |